| 000 | 00694nam a2200157Ia 4500 | ||
|---|---|---|---|
| 008 | 100122s9999 xx 000 0 und d | ||
| 082 |
_b62214 _a291.43 |
||
| 100 | _aशंकराचार्य | ||
| 245 | _aश्रीमत् आद्य शंकराचार्य कृत प्रपंचसार | ||
| 260 |
_bप्रसाद प्रकाशन _c2001 |
||
| 300 | _a672 | ||
| 630 | _aश्रीमत् आद्य शंकराचार्य कृत प्रपंचसार | ||
| 700 | _aनूलकर व कृ | ||
| 730 | _aश्रीमत् आद्य शंकराचार्य कृत प्रपंचसार | ||
| 942 | _cBOOK | ||
| 999 |
_c436603 _d436600 |
||